The new encyclopedia of jewellery making techniques

Bibliographic Details
Main Author: McGrath, Jinks
Format: Book
Published: Kent : Search Press Ltd , 2010
Subjects:

MARC

LEADER 00000cam a2200000 7i4500
001 0000040963
005 20140527.0
008 140527
020 |a 1844486212 
090 0 0 |a 739.274   |b MCG 
100 1 |a McGrath, Jinks 
245 1 4 |a The new encyclopedia of jewellery making techniques   |c Jinks McGrath 
260 |a Kent :   |b Search Press Ltd ,   |c 2010 
650 0 |a Art and design 
650 0 |a Jewelry 
650 0 |a Jewelry making   |x Technique 
999 |a 0001292802   |b Book   |c Adult Collection   |e Perbadanan Perpustakaan Awam Johor